00916nam a2200313Ia 4500008004100000020001400041050000800055050001400063100001900077245003900096245005000135245002200185260001300207260001600220260000900236300001500245300002600260300001000286440001800296650002700314650002700341650002700368650004000395650001700435700001200452700001100464999001900475952010800494171120s9999 xx 000 0 und d a753405040 a395 bS814 1993 aSteele, Philip aI wonder why countries fly flags : band other questions about people and places / cby Philip Steele. aLondon : bKingfisher, c1993 a32 pages : bcolor illustrations ; c29cm. aI wonder why. aManners and customs -- aManners and customs -- aQuestions and answers. xMiscellanea -- Juvenile literature. xMiscellanea. aSeries. aTitle. c344955d344955 001040aSSISMbSSISMd2017-11-20l0oREF 395 S814 1993pSSISM3999r2017-11-20 00:00:00w2017-11-20yBK